000 01259cam a2200265 4500
001 WB4025-11
008 040630n2004 000 0 eng u
035 _a(Sirsi) u126652
245 _aFuture of housebuilding in southeast England
260 _c2004
490 _aJoseph Rowntree Foundation Press Release
_v29 June 2004 (2)
520 _aA research report by Cambridge Architectural Research Ltd argues that a clearer understanding of local people's preferences can be used to plan new developments that are more acceptable to the public, as well as meeting government policies for tackling the shortage of affordable homes. The survey was taken from more than 1 400 residents in southeast England - the most high-demand housing area in the country. "Housing futures: informed public opinion" can be found at http://www.jrf.org.uk/bookshop/eBooks/1859352022.p df. http://www.jrf.org.uk/pressroom/releases/210604.as p.
590 _aWB
590 _aWB
650 _aAYLESBURY
650 _aMAIDENHEAD
650 _aCHATHAM
650 _aGILLINGHAM
650 _aAffordable housing
_96215
650 _aNEW HOUSING
650 _aSOUTHEAST ENGLAND
650 _aHIGH-DEMAND HOUSING AREAS
690 _aHOUSING-DEVELOPMENT
942 _n0
999 _c117623
_d117623